Une chanson par lettre - Mylène Farmer - Statistiques

Statistiques générales
  • Ce quiz a été pris 149 fois
  • Le résultat moyen est 15 sur 23
Statistiques - réponses
Lettres Titres de musique % Correct
L L'âme dans l'eau | L'Âme-Stram-Gram | L'Amour naissant | L'Amour n'est rien | L'annonciation | L'autre | La poupée qui fait non | La ronde triste | La veuve noire | Laisse le vent emporter tout | L'emprise | Leila | Les mots | L'histoire d'une fée, c'est... | L'horloge | Libertine | Light me up | L'Instant X | Lonely Lisa | Looking for my name | Love Dance | Love Song
96%
D Dans les rues de Londres | Dégénération | Dernier sourire | Derrière les fenêtres | Désenchantée |Déshabillez-moi | Des larmes | Désobéissance | Dessine-moi un mouton | Devant soi | Diabolique mon ange | Do You Know Who I Am | D'un autre temps | Du Temps
92%
A À force de... | À l'ombre | À quoi je sers | À rebours | À tout jamais |Agnus Dei | Aime | Ainsi soit je... | Alice | Allan | Ange, parle-moi | Appelle mon numéro | A-t-on jamais | Au bout de la nuit | Au lecteur | Avant que l'ombre... | Ave Maria
87%
P Paradis inanimé | Pardonne-moi | Parler d'avenir | Pas d'access | Pas de doute | Pas le temps de vivre | Peut-être toi | Plus grandir | Point de suture | Porno...Graphique | Pourvu qu'elles soient douces | Prière | Psychiatric | Puisque
87%
C California | C'est dans l'aire | C'est une belle journée | C'est pas l'heure | C'est pas moi |Cendres de lune | Chloé | City of love | Comme j'ai mal | Confession | Consentement
86%
S Sans contrefaçon | Sans logique | Sentimentale | Serais-tu là? | Sextonik | Si j'avais au moins... | Slipping away (Crier la vie) | Sois moi - Be me | Souviens-toi du jour | Stolen Car
81%
M Mad World | Maman a tort | M'effondre | Méfie-toi | Moi je veux... | Monkey Me | Mouvements de lune |My mum is wrong | My soul is slashed | Mylène is calling | Mylène s'en fout | Mylenium
80%
R Rallumer les étoiles | Rayon vert | Redonne-moi | Regrets | Retenir l'eau | Réveiller le monde | Rêver | Rolling Stone
80%
X XXL
79%
I I want you to want me | Ici Bas | Il n'y a pas d'ailleurs | Innamoramento | Inséparables | Insondables |Interstellaires | Invisibles
71%
O Ode à l'apesanteur | On a besoin d'y croire | On est tous des imbéciles | Optimistique-moi | Oui...mais Non
68%
T The Farmer's Conclusion | Toi l'amour | Tomber 7 fois | Tous ces combats | Tristana | Tu ne le dis pas
67%
J J'ai essayé de vivre | J'attends | Jardin de Vienne | Je m'ennuie | Je t'aime mélancolie | Je te dis tout |Je te rends ton amour | Je voudrais tant que tu comprennes
65%
Q Q.I | Quand | Que je devienne | Que mon coeur lâche | Que l'aube est belle
65%
N N'aie plus d'amertume | Ne plus renaître | Never tear us apart | Nobody knows | N'oublie pas | Noussouviendrons-nous | Nuit d'hiver
58%
B Beyond my control | Bleu noir | Bouteille à la mer
55%
F Fuck them all
53%
E Eaunanisme | Effets secondaires | Elle a dit | Et pourtant... | Et si vieillir m'était conté... | Et tournoie...
48%
G Get up Girl | Ghosts (How Can I Move On) | Greta
41%
V Vertige | Vieux bouc | Voie Lactée
35%
H Histoires de fesses
29%
W We'll never die
23%
U Un jour ou l'autre | Untitled
21%
Aucun quiz correspondant
Distribution des résultats
% des personnes avec chaque résultat
Percentile par nombre de réponses
Votre historique - résultats
Vous n’avez pas pris ce quiz